Công nghệ nuôi cấy mô và tế bào thực vật

Tallennettuna:
Bibliografiset tiedot
Päätekijä: Lê, Văn Hoàng, PGS.TSKH
Aineistotyyppi: Kirja
Kieli:Vietnamese
Julkaistu: Khoa học và kỹ thu 2007
Tagit: Lisää tagi
Ei tageja, Lisää ensimmäinen tagi!
Thư viện lưu trữ: Mạng thư viện Đại học Đà Nẵng
LEADER 00664nam a2200253 4500
001 000020991
003 17438
005 20150331150341.0
008 150331s2007 viesd
020 |c 76.000 
041 0 |a vie 
082 1 4 |a 660,6  |b LÊ-H 
100 1 |a Lê, Văn Hoàng, PGS.TSKH 
245 1 0 |a Công nghệ nuôi cấy mô và tế bào thực vật  |c Lê Văn Hoàng. 
260 |b Khoa học và kỹ thu  |c 2007 
300 |a tr.  |c cm. 
OWN |a LSP 
999 |a From the UDN01 
TYP |a Monograph 
TYP |a Printed language 
980 |a Mạng thư viện Đại học Đà Nẵng